00585nam a22001577a 450000500170000001000150001702000260003202000230005803500130008103700130009408200120010724501920011926000390031127000570035030000200040720150423115828.0 aENG-112275 a9789350571460c135.00 a9350571463c135.00 aEN-95807 bDBAD/PUB a398.903 aConcise dictionary of proverbs :ba perfect reference for students of all age groups, useful guide for aspirants of IAS, CAT, GMAT, GRE, Civil Services, IELTS, TOEFL & other examinations  aNew DelhibV & S Publishers c2014 aF-2/16, Ansari Road, Daryaganj, bNew Delhi e110002 a99p.c22cm(pbk)